| 000 | 01252cam a2200217 4500 | ||
|---|---|---|---|
| 001 | ABS63570 | ||
| 008 | 000000n2001 000 0 eng u | ||
| 035 | _a(Sirsi) u111202 | ||
| 100 | _aYule, I. | ||
| 245 | _aReasonable precautions | ||
| 260 | _c2001 | ||
| 490 |
_aBuilding _v266(8168) 9 February 2001, 59(1) |
||
| 520 | _aDiscusses government's new facilities management contract, called GC/Works/10 (2000) which is flexible, the price can be fixed for the contract term or adjusted seasonally and quite fair. Advises there are a few amendments contractors should be aware of before they use it. The options for dealing with poor performance by the contractor. Points out the clause for valuing variations is too short and does not set out the circumstances in which the JCT/ICE-style rules for valuation apply. The employer has termination rights if the contractor is late in organising the preparatory work prior to performance of the services. Advises that contractors should be proactive in their representations. | ||
| 590 | _aABS | ||
| 650 | _aGC/WORKS/10 | ||
| 650 | _aFACILITIES MANAGEMENT CONTRACTS | ||
| 650 | _aPUBLIC PRIVATE PARTNERSHIPS | ||
| 650 | _aFM SERVICES | ||
| 690 | _aMANAGEMENT-FACILITIES MANAGEMENT | ||
| 942 | _n0 | ||
| 999 |
_c66250 _d66250 |
||